000 01027cam a22003257a 4500
003 CHAP
005 20220817042520.0
008 971013s1977 r 00010 d
010 _a46914
011 _a47886
035 _a52029
040 _cCHAP
082 _a632.693233
_bF3
110 _aFAO
245 1 0 _aRodent pest
_b: biology and control, bibliography 1970-1974
260 _aRome :
_bFAO,
_c1977
300 _a832 p.
490 0 _aFAO. Producción y protección vegetal
_v; 7
590 _aBATCH-UPD
_b10
_c20130110
_lUCH01
_h1745
590 _aBATCH-UPD
_b10
_c20130410
_lUCH01
_h1124
590 _aBATCH-UPD
_b10
_c20130914
_lUCH01
_h1119
590 _aCONVERSION
_b10
_c20130109
_lUCH01
_h1326
650 1 4 _aCultivos
_xPlagas.
_930305
650 1 4 _aRoedores.
_999027
830 0 _aFAO. Producción y protección vegetal
_v; 7
_939654
901 _aBK
942 _cLIBRO
949 _a632.693233 F3
_bBC
_cFAO
_d-116127
_eFAO1
_h47990
_i52029
_si
949 _a632.693233 F3
_bBC
_cFAO
_d-116128
_eFAO2
_fc.2
_h58825
_i52029
_si
999 _c46914
_d46914